| 000 | 00465nam a2200109Ia 4500 | ||
|---|---|---|---|
| 008 | 171212s9999 xx 000 0 und d | ||
| 100 | _aFan, Carol E.;Loredo, Elvira N. | ||
| 245 |
_cFan, Carol E.;Loredo, Elvira N. _aImproving Inventory Management of Organizational and Individual Equipment at Central Issue Facilities |
||
| 260 |
_bRAND Corporation _c2013 |
||
| 650 | _aManagement & Organizational Behavior | ||
| 856 | _uhttp://www.jstor.org/stable/10.7249/j.ctt5hhtzt | ||
| 999 |
_c352198 _d352198 |
||